[Event "GER-ch internet U18 qual 02"]
[Site "Playchess.com INT"]
[Date "2007.05.23"]
[Round "2"]
[White "Spiess, Gregor"]
[Black "Holloway, Timo"]
[Result "1-0"]
[WhiteElo "2069"]
[BlackElo "2041"]
[PlyCount "93"]
[EventDate "2007.05.23"]
[EventType "swiss (blitz)"]
[EventRounds "7"]
[EventCountry "GER"]
[SourceTitle "EXT 2009"]
[Source "ChessBase"]
[SourceDate "2008.11.26"]
[SourceVersion "1"]
[SourceVersionDate "2008.11.26"]
[SourceQuality "1"]

1. d4 b6 2. e4 Bb7 3. Nc3 e6 4. Bd3 Nc6 5. Nge2 Nb4 6. Bb5 g6 7. a3 Nc6 8. 0-0 Bg7 9. d5 Nb8 10. Nd4 e5 11. Nde2 Ne7 12. Bg5 0-0 13. Qd2 d6 14. Ng3 Nd7 15. h4 a6 16. Be2 f5 17. exf5 gxf5 18. Nh5 Bh8 19. Bd3 e4 20. Be2 Ne5 21. f4 exf3 22. Bxf3 Qe8 23. Rae1 Nxf3+ 24. Rxf3 Qxh5 25. Rxe7 Rae8 26. Rfe3 f4 27. Re1 f3 28. Rxe8 Rxe8 29. Rxe8+ Qxe8 30. gxf3 Qe5 31. Bf4 Qg7+ 32. Kh2 Bc8 33. Bh6 Qe5+ 34. Qf4 Qxf4+ 35. Bxf4 Bb7 36. Bg5 Bxc3 37. bxc3 Bxd5 38. Bd8 c5 39. Bxb6 Bxf3 40. Bc7 d5 41. c4 dxc4 42. c3 Bd5 43. Bd6 Kf7 44. Bxc5 Ke6 45. Bd4 Be4 46. Kg3 Bd3 47. Kf4 1-0

[Event "Niedersachsen-ch U18"]
[Site "Rotenburg/Wuemme"]
[Date "2007.04.04"]
[Round "6"]
[White "Baisakow, Alexander"]
[Black "Holloway, Timo"]
[Result "0-1"]
[WhiteElo "2040"]
[BlackElo "2041"]
[PlyCount "66"]
[EventDate "2007.03.31"]
[EventType "swiss"]
[EventRounds "9"]
[EventCountry "GER"]
[SourceTitle "EXT 2008"]
[Source "ChessBase"]
[SourceDate "2007.11.25"]
[SourceVersion "1"]
[SourceVersionDate "2007.11.25"]
[SourceQuality "1"]

1. e4 c5 2. c3 Nf6 3. e5 Nd5 4. d4 cxd4 5. Nf3 e6 6. cxd4 d6 7. Bc4 Nc6 8. 0-0 Be7 9. Nbd2 0-0 10. Ne4 Qc7 11. exd6 Bxd6 12. Nxd6 Qxd6 13. Bb3 b6 14. Bc2 Ba6 15. Re1 Rac8 16. Bb1 Nce7 17. a4 Nf6 18. b4 b5 19. axb5 Bxb5 20. Rxa7 Ned5 21. Ng5 Nc3 22. Qb3 Ne2+ 23. Kh1 Rc3 24. Qb2 Ng4 25. g3 Qxd4 26. Bxh7+ Kh8 27. Rxe2 Bxe2 28. Qxe2 Rxc1+ 29. Kg2 Qd5+ 30. Qe4 Qxg5 31. Ra8 Rxa8 32. Qxa8+ Kxh7 33. f3 Rc2+ 0-1

[Event "Niedersachsen-ch op"]
[Site "Verden"]
[Date "2007.01.07"]
[Round "7"]
[White "Baisakow, Alexander"]
[Black "Holloway, Timo"]
[Result "1/2-1/2"]
[WhiteElo "2049"]
[BlackElo "1995"]
[PlyCount "54"]
[EventDate "2007.01.04"]
[EventType "swiss"]
[EventRounds "7"]
[EventCountry "GER"]
[SourceTitle "EXT 2021"]
[Source "ChessBase"]
[SourceDate "2020.10.23"]
[SourceVersion "1"]
[SourceVersionDate "2020.10.23"]
[SourceQuality "1"]

1. e4 c5 2. Nc3 Nc6 3. Bc4 g6 4. f4 Bg7 5. Nf3 e6 6. 0-0 Nge7 7. e5 d6 8. exd6 Qxd6 9. Ne4 Qd8 10. c3 b6 11. Qc2 0-0 12. d3 Bb7 13. a4 Rc8 14. Bd2 Na5 15. Ba2 Ba6 16. Nf2 Qd6 17. Rad1 Rfd8 18. Bc1 Nac6 19. Qe2 Nd5 20. g3 Nde7 21. Rfe1 Qd7 22. Ng5 Nd5 23. Nf3 Bb7 24. Ne4 Ba8 25. h4 Nce7 26. h5 Qxa4 27. hxg6 hxg6 1/2-1/2